Baby Boy Names by Letter UK Quiz - Statistics

General Stats
  • This quiz has been taken 446 times
  • The average score is 18 of 26
Answer Stats
Famous Surname Answer % Correct
G Clooney George
98%
H Styles Harry
98%
D Day Lewis Daniel
94%
O Cromwell Oliver
94%
V van Gogh Vincent
94%
M Ali Muhammad
93%
T Edison Thomas
93%
C Sheen Charlie
91%
B Franklin Benjamin
89%
E Hawke Ethan
88%
W Hartnell William
88%
J Black Jack
85%
S Smith Samuel
83%
P Stewart Patrick
75%
L Sayer Leo
74%
Z Quinto Zachary
74%
Q Cook Quinn
63%
A Boe Alfie
61%
X Cugat Xavier
60%
I Hempstead-Wright Isaac
56%
N Taylor Noah
48%
F Quaye Finley
42%
K Egan Kian
36%
Y Islam Yusuf
35%
R McDonough Riley
20%
U Akmal Umar
10%
No matching quizzes found
Score Distribution
Percent of People with Each Score
Percentile by Number Answered
Your Score History
You have not taken this quiz